Paesi senza fiumi - Statistics

Statistiche generali
  • Questo quiz è stato fatto 312 volte
  • Il punteggio medio è 9 su 18
Statistiche sulle risposte
Paesi senza fiumi % Corretto
Vaticano
90%
Monaco
70%
Nauru
55%
Malta
52%
Oman
50%
Qatar
50%
Tuvalu
50%
Emirati Arabi Uniti
48%
Isole Marshall
48%
Kiribati
48%
Kuwait
48%
Yemen
48%
Arabia Saudita
47%
Tonga
47%
Maldive
44%
Bahrein
34%
Comore
33%
Bahamas
32%
Nessun quiz corrispondente trovato
Distribuzione punteggi
Percentuale di utenti per punteggio
Percentile per numero di risposta
I tuoi punteggi nel tempo
Non hai fatto questo quiz